000 00872nam a22002055i 4500
001 178616
003 ES-MaACL
005 20230906220555.0
008 110609s1969 sp |||| | spa d
080 _a616.711-007.5
100 1 _aBarnosell Nicolau, Francisco.
_9147020
245 1 0 _aEstudio clínico de la escoliosis en 1136 casos de poliomielitis paralítica /
_cresumen de la tesis presentada para aspirar al grado de doctor en medicina por Francisco Barnosell Nicolau.
260 _aBarcelona :
_bUniversidad de Barcelona, Secretariado de Publicaciones, Intercambio Científico y Extensión Universitaria :
_bIvern,
_c1969.
300 _a18 p. ;
_c24 cm.
500 _aCub. tomada como port.
504 _aBibliografía: p. 18.
650 0 4 _aEscoliosis.
_9147021
710 2 _aUniversidad de Barcelona.
_97141
852 _aES-MaACL
_jE-15361 (21)
_xOlim P-1374
999 _c178616
_d178616